UBT Library

Algjebra 1 / (Record no. 458)

000 -LEADER
fixed length control field 00392nam a22001577a 4500
008 - FIXED-LENGTH DATA ELEMENTS--GENERAL INFORMATION
fixed length control field 140521b xxu||||| |||| 00| 0 alb d
041 0# - LANGUAGE CODE
Language code of text/sound track or separate title alb
080 ## - UNIVERSAL DECIMAL CLASSIFICATION NUMBER
Universal Decimal Classification number 512
Common auxiliary subdivision (075.8)
100 ## - Rafti
Rafti Gashi, Emrush,
245 10 - TITLE STATEMENT
Title Algjebra 1 /
Statement of responsibility, etc Emrush Gashi;
300 ## -
-- 356 f.:
-- me il.;
-- 24 cm.
500 ## -
-- Parathënie: [VII]-X
505 ## -
-- Indeksi: f. 353-356
650 ## -
-- Algjebra
942 ## - ADDED ENTRY ELEMENTS (KOHA)
Source of classification or shelving scheme
Item type Books
Holdings
Withdrawn status Lost status Source of classification or shelving scheme Damaged status Not for loan Collection code Permanent location Current location Shelving location Date acquired Total Checkouts Full call number Barcode Date last seen Koha item type
          Koleksioni i përgjithshem UBT - Prishtine UBT - Prishtine Koleksioni i përgjithshem 05/21/2014   512 (075.8) GASH 001-000562 05/21/2014 Books
UBT Library © 2015-2024. All rights reserved University Education for Business and Technology